Interpretacin̤ y aplicacin̤ de la ley penal

Bibliographic Details
Corporate Authors: Pontificia Universidad Catl̤ica del Per︢, Universit ̌de Fribourg
Other Authors: Hurtado Pozo, Jos,̌ (Conductor)
Format: Book
Language:Spanish
Published: Lima : Pontificia Universidad Catl̤ica del Per.︢ Fondo Editorial, 2006
Subjects:
Online Access:Acceso restringido

MARC

LEADER 00000nam a2200000 a 4500
005 20120731173950.0
007 cr|||| ||||
008 070514s2006 pe |||||| 000 ||spa|c
020 |a 9972427625 
020 |a 9789972427626 
035 |a 6568 
040 |a vLex 
090 |c 3335  |d 3335 
245 0 0 |a Interpretacin̤ y aplicacin̤ de la ley penal   |h [Recurso electrn̤ico] /  |c Jos ̌Hurtado Pozo, director 
256 |a Servicio en ln̕ea 
260 |a Lima :  |b Pontificia Universidad Catl̤ica del Per.︢ Fondo Editorial,  |c 2006 
300 |a 1 recurso electrn̤ico 
500 |a Nm︢ero especial de: Anuario de derecho penal , 2005 
500 |a En la portada: Universidad de Friburgo. Suiza 
504 |a Notas. Anexos p. [391]-597. Bibliografa̕ p. [599]-630 
506 1 |a Contenido solo disponible en los productos indicados  |d vLex Global   |d vLex Global (Academic Edition, excluding Law Schools)   |d vLex Global (U.S. Academic Edition, Law Schools)   |d vLex Global (U.S. Academic Edition, excluding Law Schools)   |d vLex Global (Academic Edition, Law Schools)  
650 0 4 |a Interpretacin̤ del dret 
650 0 4 |a Aplicacin̤ de las leyes 
650 0 4 |a Derecho penal 
650 0 4 |a Derecho constitucional 
650 0 4 |a Procedimiento penal 
651 4 |a Per︢ 
700 1 |a Hurtado Pozo, Jos,̌  |e dir. 
710 2 |a Pontificia Universidad Catl̤ica del Per︢ 
710 2 |a Universit ̌de Fribourg 
740 0 |a vLex Libros (Servicio en ln̕ea) 
856 4 0 |u http://vlex.com/source/derecho-penal-pluralidad-cultural-anuario-derecho-penal-2006-6568  |z Acceso restringido 
942 |c BOOK 
999 0 |a Law--Interpretation and construction 
999 0 |a Law enforcement 
999 0 |a  Criminal law 
999 0 |a Constitutional law 
999 0 |a Criminal procedure